000 00748nam a2200217Ii 4500
003 JO-AjNU
008 230605s9999||||xx |||||||||||||| ||und||
017 _a2009/4/1456
040 _aJO-AjNU
_bara
_erda
_cJO-AjNU
041 _aara
050 1 4 _aHF5415.A4424.2010
100 3 _aالعلاق،بشير,
_eauthor
_933107
245 0 0 _aقضايا تسويقية معاصرة
250 _aط العربية
264 3 1 _aعمان:دار اليازوري العلمية للنشر والتوزيع؛2010
300 _a271ص
_bيحتوي على ببلوغرافية من ص265-271ص
336 _atext
_btxt
_2rdacontent
337 _aunmediated
_bn
_2rdamedia
338 _avolume
_bnc
_2rdacarrier
650 4 _aالتسويق-قضايا
_933108
999 _aA13440
_c17008
_d17008